| 000 | 01647nam a2200385 4500 | ||
|---|---|---|---|
| 001 | 3050307 | ||
| 005 | 20150318161040.0 | ||
| 007 | 000 | ||
| 008 | 000 | ||
| 010 | _a 95980407 | ||
| 020 | _a9966896163 | ||
| 040 |
_aUOEL _cDLC |
||
| 042 | _alcode | ||
| 043 | _af-tz--- | ||
| 050 | 0 | 0 |
_aSB171.T34 _bU83 1994 |
| 082 | 0 | 0 |
_a634.9/7 _220 |
| 245 | 0 | 0 |
_aUseful trees and shrubs for Tanzania : _bidentification, propagation, and management for agricultural and pastoral communities / _cL.P. Mbuya ... [et al.]. |
| 260 |
_aNairobi, Kenya : _bRegional Soil Conservation Unit, Swedish International Development Authority, _cc1994. |
||
| 300 |
_axx, 542 p. : _bill., maps ; _c26 cm. |
||
| 490 | 1 |
_aTechnical handbook ; _vno. 6 |
|
| 500 | _a"The book is also partly based on A selection of useful trees and shrubs for Kenya ..."--P. vii. | ||
| 504 | _aIncludes bibliographical references (p. 539). | ||
| 650 | 0 |
_aTree crops _zTanzania _xHandbooks, manuals, etc. |
|
| 650 | 0 |
_aMultipurpose trees _zTanzania _xHandbooks, manuals, etc. |
|
| 650 | 0 |
_aMultipurpose shrubs _zTanzania _xHandbooks, manuals, etc. |
|
| 650 | 0 |
_aTrees _xUtilization _zTanzania _xHandbooks, manuals, etc. |
|
| 650 | 0 |
_aShrubs _xUtilization _zTanzania _xHandbooks, manuals, etc. |
|
| 700 | 1 | _aMbuya, L. P. | |
| 710 | 1 |
_aSweden. _bRegionala markvårdsenheten |
|
| 730 | 0 | _aSelection of useful trees and shrubs for Kenya. | |
| 830 | 0 |
_aTechnical handbook (Nairobi, Kenya) ; _vno. 6. |
|
| 906 |
_a7 _bcbc _corigode _d2 _encip _f19 _gy-gencatlg |
||
| 942 |
_2lcc _cLL |
||
| 999 |
_c3008 _d3008 |
||